| 000 | 01281nas a2200349 4500 | ||
|---|---|---|---|
| 001 | BR2012007724 | ||
| 003 | BR-BrBNA | ||
| 005 | 20231205121318.0 | ||
| 007 | ta | ||
| 008 | 230509b bl.|||p| |||| 00| 00por d | ||
| 040 |
_aBR-BrBNA _bpor _cBiblioteca Nacional de Agricultura |
||
| 041 | _a(Pt) | ||
| 072 | _aF30; H20 | ||
| 100 | 1 | _aSantos, S.C. | |
| 100 | 1 | _aCarneiro, L.C. | |
| 100 | 1 | _aSilveira Neto, A.N. da | |
| 100 | 1 | _aPaniago Júnior, E. | |
| 100 | 1 | _aFreitas, H.G. de | |
| 100 | 1 | _aPeixoto, C.N. | |
| 245 | 1 | _aCaracterização morfológica e avaliação de cultivares de bananeira resistentes a sigatoka negra (Mycosphaerella fijiensis Morelet)no sudoeste goiano | |
| 246 | 1 | _aMorphologic characterization and evaluation of banana cultivars resistant to the black sigatoka disease (Mycosphaerella fijiensis Morelet)in the southwest of the state of Goiás, Brazil | |
| 650 | _aBANANA | ||
| 650 | _aMUSA SP | ||
| 650 | _aVARIEDADE | ||
| 650 | _aVARIEDADE RESISTENTE | ||
| 650 | _aSIGATOKA NEGRA | ||
| 650 | _aFUNGO | ||
| 650 | _aMYCOSPHAERELLA FIJIENSIS | ||
| 773 | 0 |
_tRevista Brasileira de Fruticultura (Brazil) _xISSN 0100-2945 _g(Dec 2006), v. 28(3) p. 449-453 _wBR2012007724 |
|
| 909 |
_a202311 _bLúcia _c55 _dLúcia Elande |
||
| 942 |
_2AGRIS _n0 _cANA |
||
| 999 |
_c222880 _d222880 |
||